000 01304aam a2200337 i 4500
001 768714001
003 CO-MdFUSB
005 20210715124615.0
007 ta
008 210715bxxx ck |||| |||| 00| 0 spa d
020 _a[No incluye ISBN]
040 _bspa.
_aCO-MdFUSB
_cCO-MdFUSB
_dCO-MdFUSBC
_erda
041 _aspa
082 0 4 _223
_a303.6
_b A6765p
100 1 _aArdila P., Amparo
_eautor
245 1 0 _aPandillas juveniles :
_buna historia de amor y desamor
_c/ Amparo Ardila P. , Javier Pombo R. , Rubén Darío Puerto R.
264 _aColombia :
_bSecretaría de Educación FES,
_c[Fecha de publicación desconocida]
300 _a154 Páginas
_c; 24 cm
336 _atexto
_btxt
_2rdacontent
337 _2rdamedia
_asin mediación
_bn
338 _2rdacarrier
_avolumen
_bnc
505 _aLas pandillas. -- La calle. -- El vicio: ¿salida maravillosa? -- Amor de pandillero. -- Azotamos: pero tememos por nuestras vidas. -- Lazos familiares. -- Queremos estudiar pero... no en la escuela. -- La escuela que necesitamos
563 _aRústico
650 0 _91267
_aGuerra
_xAspectos religiosos
653 _aProceso social
653 _aConflicto
700 _95373
_aPombo R., Javier,
_eautor
700 _95374
_aPuerto R., Rubén Darío,
_eautor
942 _cBK
945 _aJTF-925
999 _c39347
_d39347